Responses for Show #1725 - Friday, February 14, 1992

Contestants

[<< previous game]

Tom Michael, a medical conference planner from Charlottesville, Virginia

Bill Kleinebecker, a customer advocate from Austin, Texas

Anita Dorsett, an information management director from Houston, Texas (whose 1-day cash winnings total $9,800)

[next game >>]

Jeopardy! Round responses

U.S. GEOGRAPHY
OLD RADIO
FAMOUS WOMEN
COLORS
PUPPETS
WORDS WITHIN WORDS
    $100 5
Kentucky

Tom
    $100 9
Lassie

Tom
    $100 1
Amelia Earhart

Anita
    $100 18
(Tom: What is white?)

black

BillTom
    $100 16
the dummies

Anita
    $100 26
a coo (from scoop)

Tom
    $200 6
Mojave

Bill
    $200 11
Gene Autry

Anita
    $200 2
Anna Freud

Anita
    $200 19
salmon

Tom
    $200 17
a hand puppet

Bill
    $200 27
a pea (from speak)

Anita
    $300 7
(Tom: What is Rochester?)
(Anita: What is Albany?)

Buffalo

AnitaBillTom
    $300 12
John Houseman

Anita
    $500 3
(Dian) Fossey

Anita
    $300 23
fawn

Tom
    $300 20
Japan

Tom
    $300 28
ham (in champagne)

Bill
    $400 8
Cape Hatteras

Anita
    $400 13
a butler

Anita
    $400 4
Eleanor Roosevelt

Tom
    $400 24
green

Anita
    $400 21
shadow puppets

Triple Stumper
    $400 29
rum (from trumpet)

Bill
    $500 10
Iowa

Bill
    $500 14
Richard Crenna

Anita
    $500 15
Sarah Bernhardt

Tom
    $500 25
(Alex: Pretty close to the color you're wearing today, right?)
(Anita: Yes.)

mustard

Anita
    $500 22
(Bill: What is Vienna?)

Salzburg

BillTom
    $500 30
Rome (in promenade)

Bill

Scores at the first commercial break (after clue 14):

Anita Bill Tom
$2,300 $1,000 $300

Scores at the end of the Jeopardy! Round:

Anita Bill Tom
$3,500 $2,000 $2,100

Double Jeopardy! Round responses

DANCE
MILITARY LEADERS
NEWSPAPERS
BODIES OF WATER
COLLEGES & UNIVERSITIES
POT LUCK
    $200 17
the cancan

Anita
    $200 1
Westmoreland

Bill
    $200 4
Wisconsin

Anita
    $200 3
the Seine

Anita
    $200 12
Yale

Bill
    $200 25
a possum

Bill
    $400 18
Scotland

Tom
    $400 2
Nuts!

Tom
    $400 5
the Post

Tom
    $400 6
(Tom: What is the Barents Sea?)
(Alex: Say it again?)
(Tom: The Barents Sea?)

the Bering Sea

BillTom
    $400 13
Johns Hopkins

Tom
    $400 30
70

Bill
    $600 21
Hinduism

Anita
    $600 7
(1 of) Zachary Taylor (Winfield Scott & William Henry Harrison)

Tom
    $600 9
the Bahamas

Tom
    $600 8
the Yellow Sea

Anita
    $600 14
Columbia

Anita
    $600 29
a coconut tree

Triple Stumper
    $800 22
the bolero

Bill
    $800 20
the Selective Service

Anita
    $800 15
the Inquirer

Anita
    $800 10
(Bill: What is Indo--Indonesia?)

New Guinea

BillTom
    $1,500 19
Maine

Tom
    $800 28
the (Will & Ariel) Durants

Bill
    $2,000 23
Havana (Cuba)

Bill
    $1000 24
(George) McClellan

Tom
    $1000 16
the Globe

Anita
    $1000 11
the Bay of Biscay

Tom
    $1000 26
the University of Chicago

Bill
    $1000 27
the Thames

Bill

Scores at the end of the Double Jeopardy! Round:

Anita Bill Tom
$8,500 $8,200 $8,800

[wagering suggestions for these scores]

Final Jeopardy! Round responses

FICTIONAL CHARACTERS
(Alex: [Before going to the responses] The real author's name did not appear when the book as published.)
[NOTE: Bill's heart with arrow was not filled in and the arrow went from NW to SE.]
BillWho is Phineas Fog 💘
$601
AnitaWho is Gulliver
$7,000
TomWho was Gulliver
$8,201
(Lemuel) Gulliver

Final scores:

Anita Bill Tom
$15,500 $7,599 $17,001
2nd place: Panasonic laptop word processor & answering system + Sentry fire safe file 3rd place: Magnavox 3" LCD TV + Nintendo Entertainment System with Super Jeopardy! & Wheel of Fortune + InfoGenius for Game Boy New champion: $17,001

Game dynamics:

Coryat scores:

Anita Bill Tom
$8,300 $7,200 $8,100
21 R
(including 1 DD),
1 W
18 R
(including 1 DD),
2 W
19 R
(including 1 DD),
3 W

Combined Coryat: $23,600

[game clues] [game scores] [suggest correction]

Game tape date: 1991-11-19
The J! Archive is created by fans, for fans. Scraping, republication, monetization, and malicious use prohibited; this site may use cookies and collect identifying information. See terms. The Jeopardy! game show and all elements thereof, including but not limited to copyright and trademark thereto, are the property of Jeopardy Productions, Inc. and are protected under law. This website is not affiliated with, sponsored by, or operated by Jeopardy Productions, Inc. Join the discussion at JBoard.tv.